000 00802nam a2200193Ii 4500
003 JO-AjNU
008 230605s9999||||xx |||||||||||||| ||und||
040 _aJO-AjNU
_bara
_erda
_cJO-AjNU
041 _aara
050 1 4 _aHQ1216 .W3 1979
100 3 _aوتر، محمد ضاهر,
_eauthor
_939923
245 0 0 _aمكانة المراة في الشؤون الادارية والبطولات القتالية
264 3 1 _aبيروت: مؤسسة الرسالة، 1979
300 _a374ص
_bيحتوي ببلوغرافية من ص 364-374ص
336 _atext
_btxt
_2rdacontent
337 _aunmediated
_bn
_2rdamedia
338 _avolume
_bnc
_2rdacarrier
650 4 _aسيدات الاعمال - المرأة في الحياة العامة - المرأة في البطولات القتالية
_939924
999 _aA16901
_c20469
_d20469